000 00692nam a2200241 a 4500
005 20210219153116.0
008 991125n 000 0 u
035 _aUPN01000078404
100 _aJenkins, Joseph R.
222 _aDIAGNOSTIQUE
245 _aA examination of the concurrent validity of de basic academic skills samples (BASS)
300 _a273-288
362 _a17, No. 4, 1992
505 _aAgosto 1993
653 0 _aESTUDIANTES DE ALTO RIESGO
653 0 _aINDICADORES EDUCATIVOS
653 0 _aPRUEBAS DE RENDIMINETO
653 0 _aPRUEBAS DE VALIDACION
653 0 _aVALIDEZ CONCURRENTE
700 _aJewell, Mark
904 _aAC
_b016215
905 _aArticulo
999 _c68674
_d68674